Estudio de sistemas y procedimientos administrativos /

Guardado en:
Autor Principal: Rodríguez Valencia, Joaquín.
Formato: Libro
Idioma:Spanish
Publicado: México : Ecasa, 1992.
Materias:
Etiquetas: Agregar Etiqueta
Sin Etiquetas, Sea el primero en etiquetar este registro!
LEADER 00711nam a22001935 4500
001 EAD.ead003140
008 080718s1992####mx#######b####000#0#spa#d
005 20120404132028.0
245 1 0 |a Estudio de sistemas y procedimientos administrativos /  |c Joaquín Rodríguez Valencia. 
260 |a México :  |b Ecasa,  |c 1992. 
300 |a xiv, 270 p. 
504 |a Incluye referencias bibliográficas. 
020 |a 968631752X :  |c 00022 cm. 
100 1 |a Rodríguez Valencia, Joaquín. 
082 0 4 |a 658.4038011  |2 21 
653 |a Sistemas administrativos 
650 7 |a Analisis de sistemas.  |2 unbist 
650 7 |a Sistemas de información administrativa.  |2 unbist 
859 |a AR-BaBDC  |b BIB. ADMINISTRACION - Libros  |h 658.4038011  |i R618  |p b02825